000 02590cam a22003015a 4500
001 11864845
005 20161017124625.0
008 991210s2000 enk frb 001 0 eng d
020 _a0415184916 (pb)
020 _a9780415184915
040 _aDLC
_cDLC
_dDLC
_dEG-ScBUE
_beng
082 0 4 _a305.42
_222
_bGLO
245 0 0 _aGlobal feminisms since 1945 /
_cedited by Bonnie G. Smith.
260 _aOxford ;
_aNew York :
_bRoutledge / Taylor & Francis Group,
_c2000.
300 _axii, 319 p. ;
_c24 cm.
490 0 _aRewriting histories.
500 _aIndex : p. 314-319.
504 _aIncludes bibliographical references.
505 _aIntroduction -- pt.1 Nation Building: 1. Competing Agenda: Feminisms, Islam, and the State in nineteenth- and twentieth century Egypt, Margot Badran -- 2. Women and Revolution in Vietnam, Mary Anne Tetreault -- 3. Gender and Nation-Building in South Africa, Zengie A. Mangaliso -- pt. 2. Sources of Activism: 4. Female Consciousness or Feminist Consciousness? Women's Consciousness Raising in Community-Based Struggles in Brazil, Yvonne Corcoran-Nantes -- 5. The Mother of Warriors and her Daughters: The Women's Movement in Kenya, Wilhelmina Odoul and Wanjiku Mukabi Kabira -- 6. Minjung Feminism: Korean Women's Movement for Gender and Class Liberation, Miriam Chung Yoon Louie -- pt. 3. Women's Liberation: Born for Liberty: 7. Decade of Discovery, Sarah Evans -- 8. It's Not Unusual: Gay and Lesbian History in Britain, Alkarim Jivani -- 9. Feminist Critiques of Modern Japanese Politics, Vera Mackie -- pt. 4. New Waves in the 1980s and 1990s: 10. Organizing Women before and after the Fall: Women's Politics in the Soviet Union and Post-Soviet Russia, Linda Racioppi and Katherine O'Sullivan See -- 11. Eluding the Feminist, Overthrowing the Modern? Transformations in Twentieth Century Iran, Zohreh T. Sullivan -- 12. Human Rights are Women's Right: Amnesty International and the Family, Saba Bahar -- 13. The NGO-ization of Feminism: Institutionalization and Institution Building within the German Women's Movement, Sabine Lang -- 14. Some Reflections on US Women of Colour and the United Nations Fourth World Conference on Women and NGO Forum in Beijing, China, Mallika Dutt.
650 7 _aFeminism
_vCross-cultural studies.
_2BUEsh
_940309
650 7 _aWomen
_xPolitical activity
_vCross-cultural studies.
_2BUEsh
_940311
651 _2BUEsh
653 _bEEENG
_cJune2016
653 _bHHUUEENN
_cOctober2016
653 _bBUSBOL
_cOctober2016
700 1 _aSmith, Bonnie G.,‏
_d1940-‏
_941550
_eeditor.
942 _2ddc
_e22
_k305.42 GLO
999 _c21948
_d21920